LEADER 01473nam a2200325 u 4500 001 000000009456 003 CaOOAMICUS 005 20070226105216.0 008 940516s1978 it u000 u ita u 035 $a10237474 040 $aPUL(R)$bita$dPUL(R) 041 1 $aita$hfre 100 1 $aPlè, Albert,$cO.P.$0(OLS)http://pul/name/9306 240 10$aFreud et la religion.$lItaliano.$0(OLS)http://pul/title/13878 245 10$aFreud e la religione /$cAlbert Plé ; scelta antologica e bibliografica a cura di Aurelio Rizzacasa. 260 $aRoma :$bCittà Nuova,$c1978. 300 $a210 p. ;$c18 cm 490 1 $aIdee ;$v31 500 $asulla coperta: il complesso problema dei rapporti fra religione e psicoanalisi attraverso una lettura critica diretta degli scritti di Freud. 504 $aBibliografia: p. [77]-98 600 14$aFreud, Sigmund,$d1856-1939$xCritica e interpretazione.$0(OLS)http://pul/subject/7836 700 1 $aVigone, Luciana.$0(OLS)http://pul/name/9351 700 1 $aRizzacasa, Aurelio,$d1940-$0(OLS)http://pul/name/9307 830 0$aIdee ;$v31.$0(OLS)http://pul/title/622 850 $aPUL 852 $aPUL$W1$xSL Filosofia 2$y80$mPhil A15 31$j13409$nBK-PRI$b $qStampati altre collocazioni$B13409$CPULBib$Z2$F13409 $H $81 941 1 $a10 961 $aINV: 57485 996 $6245$aFreud e la religione$9(OLS)http://pul/title/13879 996 $6260$aRoma :$bCittà Nuova$9(OLS)http://pul/publisher/47927 LEADER 01814nam a2200409 a 4500 001 000000132318 003 CaOOAMICUS 005 20130115125718.0 008 130115s2012 it u000 u ita r 020 $a978-88-7094-811-0 040 $aPUL$bita 041 1 $aita$hlat 082 04$a241 100 1 $aTertullianus, Quintus Septimius Florens,$dc. 160-c. 225.$0(OLS)http://pul/name/1914 240 10$aAd uxorem.$lLatino e italiano.$0(OLS)http://pul/title/167162 245 10$aAlla sposa =$bad uxorem /$cTertulliano ; testo critico di CCL 1 Aem. Kroymann ; introduzione, traduzione, note e appendice Attilio Carpin. 246 31$aAd uxorem 260 $aRoma :$bEdizioni San Clemente ;$aBologna :$bEdizioni Studio Domenicano,$c2012. 300 $a275 p. ;$c20 cm. 490 1 $aTalenti ;$v11 500 $aBibliografia in nota. 546 $aTesto latino a fronte. 700 1 $aCarpin, Attilio,$csac.$0(OLS)http://pul/name/67513 700 1 $aKroymann, Emil.$0(OLS)http://pul/name/23187 830 2$aI Talenti ;$v11.$0(OLS)http://pul/title/142080 850 $aPUL 852 $aPUL$W1$xSL Religione 3$y85$m241 TERQU 1$j152269$qDDC 21$B151622$CPULBib$Z2$F151622 $H121384 $82 900 $aTertulliano,$dc. 160-c. 225$91914 900 $aTertulliano, Quinto Settimio Fiorente,$dc. 160-c. 225$91914 941 1 $a9 996 $6020$a978-88-7094-811-0$9(OLS)http://pul/number/151488 996 $6082$a241$9(OLS)http://pul/classification/246 996 $6246$aAd uxorem$9(OLS)http://pul/title/132603 996 $6245$aAlla sposa =$bad uxorem$9(OLS)http://pul/title/167161 996 $6260$aRoma :$bEdizioni San Clemente$9(OLS)http://pul/publisher/80048 996 $6260$aBologna :$bEdizioni Studio Domenicano$9(OLS)http://pul/publisher/49136